[Event "DVM U14w 2020"]
[Site "Willingen GER"]
[Date "2021.06.26"]
[Round "6"]
[White "Prinzen, Siri Marleen"]
[Black "Jacobasch, Ronja"]
[Result "1/2-1/2"]
[Termination "normal"]
[Board "1.1"]
[WhiteElo "1722"]
[BlackElo "1397"]
[WhiteClock "00:13:49"]
[BlackClock "00:17:40"]
[WhiteTeam "Karlsruher SF 1853"]
[BlackTeam "SSV Altenberg"]
[PlyCount "103"]
[WhiteFideId "16265912"]
[BlackFideId "34604340"]
[EventCountry "GER"]
[EventRounds "7"]
[EventType "team-swiss"]
[EventDate "2021.06.23"]

1. e4 {[%clk 1:30:56]} 1... d6 {[%clk 1:30:51]} 2. d4 {[%clk 1:31:14]} 2... Nf6
{[%clk 1:31:13]} 3. Nc3 {[%clk 1:31:32]} 3... g6 {[%clk 1:31:17]} 4. Bg5 {
[%clk 1:31:39]} 4... Bg7 {[%clk 1:29:14]} 5. Qd2 {[%clk 1:31:46]} 5... O-O {
[%clk 1:28:46]} 6. O-O-O {[%clk 1:29:18]} 6... Nbd7 {[%clk 1:08:56]} 7. e5 {
[%clk 1:13:30]} 7... Ne8 {[%clk 1:04:28]} 8. Bh6 {[%clk 1:09:20]} 8... Nb6 {
[%clk 0:54:41]} 9. Bxg7 {[%clk 1:07:52]} 9... Nxg7 {[%clk 0:52:34]} 10. h4 {
[%clk 1:05:48]} 10... dxe5 {[%clk 0:50:53]} 11. dxe5 {[%clk 1:06:00]} 11...
Qxd2+ {[%clk 0:51:02]} 12. Rxd2 {[%clk 1:06:14]} 12... Bf5 {[%clk 0:49:36]} 13.
f3 {[%clk 1:03:02]} 13... Be6 {[%clk 0:43:43]} 14. g4 {[%clk 0:57:35]} 14... h5
{[%clk 0:39:44]} 15. Bh3 {[%clk 0:51:48]} 15... Rad8 {[%clk 0:37:05]} 16. Rxd8
{[%clk 0:45:08]} 16... Rxd8 {[%clk 0:36:08]} 17. gxh5 {[%clk 0:44:39]} 17...
Bxh3 {[%clk 0:35:42]} 18. Nxh3 {[%clk 0:44:58]} 18... Nxh5 {[%clk 0:35:20]} 19.
Rg1 {[%clk 0:39:32]} 19... Kg7 {[%clk 0:28:57]} 20. Ne2 {[%clk 0:34:20]} 20...
Nc4 {[%clk 0:22:41]} 21. e6 {[%clk 0:25:58]} 21... f6 {[%clk 0:11:02]} 22. Nhf4
{[%clk 0:22:31]} 22... Nxf4 {[%clk 0:11:22]} 23. Nxf4 {[%clk 0:22:59]} 23...
Ne5 {[%clk 0:10:55]} 24. Nxg6 {[%clk 0:12:59]} 24... Nxf3 {[%clk 0:10:17]} 25.
Rg3 {[%clk 0:13:23]} 25... Nd4 {[%clk 0:09:45]} 26. Nf4+ {[%clk 0:13:02]} 26...
Kh7 {[%clk 0:09:29]} 27. Rd3 {[%clk 0:12:36]} 27... Nc6 {[%clk 0:09:07]} 28.
Rxd8 {[%clk 0:11:00]} 28... Nxd8 {[%clk 0:09:31]} 29. Kd2 {[%clk 0:10:23]}
29... c5 {[%clk 0:08:20]} 30. Kd3 {[%clk 0:09:30]} 30... Nc6 {[%clk 0:08:02]}
31. Ke4 {[%clk 0:09:03]} 31... Ne5 {[%clk 0:05:29]} 32. Nd5 {[%clk 0:06:37]}
32... Nc6 {[%clk 0:05:29]} 33. c3 {[%clk 0:06:53]} 33... Nd8 {[%clk 0:03:09]}
34. Kf5 {[%clk 0:07:02]} 34... Nc6 {[%clk 0:03:24]} 35. Kg4 {[%clk 0:03:11]}
35... Kh6 {[%clk 0:02:56]} 36. Nf4 {[%clk 0:02:59]} 36... Ne5+ {[%clk 0:03:06]}
37. Kf5 {[%clk 0:03:04]} 37... Kh7 {[%clk 0:02:37]} 38. Nd5 {[%clk 0:02:03]}
38... Nc6 {[%clk 0:02:59]} 39. Ne3 {[%clk 0:01:34]} 39... Kh6 {[%clk 0:02:46]}
40. Kg4 {[%clk 0:01:20]} 40... Ne5+ {[%clk 0:02:42]} 41. Kg3 {[%clk 0:00:41]}
41... Kh5 {[%clk 0:29:27]} 42. Nd5 {[%clk 0:27:56]} 42... Ng6 {[%clk 0:26:38]}
43. Kh3 {[%clk 0:27:51]} 43... f5 {[%clk 0:25:26]} 44. Kg3 {[%clk 0:25:37]}
44... f4+ {[%clk 0:22:03]} 45. Nxf4+ {[%clk 0:19:31]} 45... Nxf4 { [%clk
0:20:12]} 46. Kxf4 {[%clk 0:20:00]} 46... Kxh4 {[%clk 0:20:30]} 47. a4 { [%clk
0:18:48]} 47... c4 {[%clk 0:17:37]} 48. Ke4 {[%clk 0:15:52]} 48... Kg5 { [%clk
0:17:46]} 49. Kd5 {[%clk 0:15:41]} 49... Kf6 {[%clk 0:17:46]} 50. Kxc4 { [%clk
0:15:26]} 50... Kxe6 {[%clk 0:18:01]} 51. Kd4 {[%clk 0:15:40]} 51... Kd6 {[%clk
0:17:40]} 52. b4 {[%clk 0:13:49]} 1/2-1/2

[Event "DVM U14w 2020"]
[Site "Willingen GER"]
[Date "2021.06.26"]
[Round "6"]
[White "Schulz, Hannah"]
[Black "Müller, Cosima"]
[Result "1-0"]
[Termination "normal"]
[Board "1.3"]
[WhiteElo "1539"]
[BlackElo "1505"]
[WhiteClock "01:12:03"]
[BlackClock "00:54:50"]
[WhiteTeam "Karlsruher SF 1853"]
[BlackTeam "SSV Altenberg"]
[PlyCount "89"]
[WhiteFideId "16244745"]
[BlackFideId "34601490"]
[EventCountry "GER"]
[EventRounds "7"]
[EventType "team-swiss"]
[EventDate "2021.06.23"]

1. e4 {[%clk 1:30:55]} 1... c5 {[%clk 1:30:54]} 2. Nf3 {[%clk 1:31:22]} 2... d6
{[%clk 1:31:19]} 3. d4 {[%clk 1:31:47]} 3... cxd4 {[%clk 1:31:45]} 4. Qxd4 {
[%clk 1:32:08]} 4... Nc6 {[%clk 1:31:45]} 5. Qe3 {[%clk 1:32:30]} 5... Nf6 {
[%clk 1:31:52]} 6. Be2 {[%clk 1:32:32]} 6... g6 {[%clk 1:31:39]} 7. O-O { [%clk
1:32:53]} 7... Bg7 {[%clk 1:31:52]} 8. h3 {[%clk 1:31:29]} 8... O-O { [%clk
1:31:32]} 9. Rd1 {[%clk 1:31:53]} 9... Qc7 {[%clk 1:31:19]} 10. c4 { [%clk
1:32:01]} 10... Be6 {[%clk 1:29:59]} 11. Nc3 {[%clk 1:31:23]} 11... Nb4 { [%clk
1:28:56]} 12. Nb5 {[%clk 1:28:29]} 12... Qc5 {[%clk 1:28:36]} 13. Qxc5 { [%clk
1:27:24]} 13... dxc5 {[%clk 1:28:55]} 14. Nc7 {[%clk 1:26:35]} 14... Rac8
{[%clk 1:28:55]} 15. Nxe6 {[%clk 1:26:55]} 15... fxe6 {[%clk 1:28:46]} 16. e5 {
[%clk 1:26:12]} 16... Nh5 {[%clk 1:28:18]} 17. Rd7 {[%clk 1:20:58]} 17... Nc2 {
[%clk 1:14:03]} 18. Rb1 {[%clk 1:20:47]} 18... Nd4 {[%clk 1:13:17]} 19. Nxd4 {
[%clk 1:20:23]} 19... cxd4 {[%clk 1:13:42]} 20. Bxh5 {[%clk 1:19:58]} 20...
gxh5 {[%clk 1:13:29]} 21. Rxd4 {[%clk 1:19:00]} 21... Bxe5 {[%clk 1:12:50]} 22.
Re4 {[%clk 1:18:05]} 22... Bd6 {[%clk 1:12:58]} 23. b3 {[%clk 1:17:55]} 23...
Rc6 {[%clk 1:10:38]} 24. Be3 {[%clk 1:17:25]} 24... Ra6 {[%clk 1:09:00]} 25. a4
{[%clk 1:15:57]} 25... Bb4 {[%clk 1:08:55]} 26. Rd1 {[%clk 1:15:29]} 26... Bd6
{[%clk 1:06:27]} 27. Kf1 {[%clk 1:15:02]} 27... e5 {[%clk 1:05:32]} 28. c5 {
[%clk 1:13:10]} 28... Bb8 {[%clk 1:03:56]} 29. Rd7 {[%clk 1:13:13]} 29... Re6 {
[%clk 1:04:08]} 30. Rxb7 {[%clk 1:12:52]} 30... Re8 {[%clk 1:00:36]} 31. b4 {
[%clk 1:12:39]} 31... Ra6 {[%clk 0:59:38]} 32. b5 {[%clk 1:12:47]} 32... Re6 {
[%clk 0:58:31]} 33. c6 {[%clk 1:13:01]} 33... Bd6 {[%clk 0:58:05]} 34. Rxa7 {
[%clk 1:12:58]} 34... Kf7 {[%clk 0:57:23]} 35. c7 {[%clk 1:12:44]} 35... Kf6 {
[%clk 0:56:47]} 36. Rc4 {[%clk 1:12:22]} 36... Rc8 {[%clk 0:56:44]} 37. b6 {
[%clk 1:12:29]} 37... Kf7 {[%clk 0:55:10]} 38. a5 {[%clk 1:12:24]} 38... Rg6 {
[%clk 0:53:39]} 39. a6 {[%clk 1:11:23]} 39... Rgg8 {[%clk 0:53:56]} 40. Rb7 {
[%clk 1:11:35]} 40... Ra8 {[%clk 0:53:48]} 41. a7 {[%clk 1:11:52]} 41... Rgc8 {
[%clk 0:54:11]} 42. Rb8 {[%clk 1:12:00]} 42... Rcxb8 {[%clk 0:54:28]} 43.
axb8=Q {[%clk 1:12:08]} 43... Rxb8 {[%clk 0:54:50]} 44. cxb8=Q Bxb8 45. Rc8 {
[%clk 1:12:03]} 1-0

[Event "DVM U14w 2020"]
[Site "Willingen GER"]
[Date "2021.06.26"]
[Round "6"]
[White "Eger, Nora"]
[Black "Hoffmann, Sophia"]
[Result "1-0"]
[Termination "normal"]
[Board "1.4"]
[WhiteElo "1104"]
[BlackElo "1266"]
[WhiteClock "00:27:10"]
[BlackClock "00:37:54"]
[WhiteTeam "SSV Altenberg"]
[BlackTeam "Karlsruher SF 1853"]
[PlyCount "119"]
[WhiteFideId "34605827"]
[BlackFideId "16259130"]
[EventCountry "GER"]
[EventRounds "7"]
[EventType "team-swiss"]
[EventDate "2021.06.23"]

1. Nf3 {[%clk 1:30:55]} 1... d5 {[%clk 1:30:33]} 2. g3 {[%clk 1:31:08]} 2...
Nf6 {[%clk 1:30:53]} 3. Bg2 {[%clk 1:31:13]} 3... Bf5 {[%clk 1:31:03]} 4. O-O {
[%clk 1:31:06]} 4... e6 {[%clk 1:31:07]} 5. d3 {[%clk 1:29:08]} 5... Bd6 {
[%clk 1:30:59]} 6. Nc3 {[%clk 1:28:28]} 6... O-O {[%clk 1:29:25]} 7. Bg5 {
[%clk 1:26:19]} 7... h6 {[%clk 1:27:44]} 8. Bxf6 {[%clk 1:25:45]} 8... Qxf6 {
[%clk 1:27:27]} 9. a3 {[%clk 1:22:11]} 9... Nd7 {[%clk 1:23:31]} 10. Qd2 {
[%clk 1:19:07]} 10... Qg6 {[%clk 1:17:19]} 11. h3 {[%clk 1:08:41]} 11... Nf6 {
[%clk 1:08:39]} 12. Nh4 {[%clk 1:05:07]} 12... Qh5 {[%clk 1:07:07]} 13. Nxf5 {
[%clk 1:03:24]} 13... Qxf5 {[%clk 1:05:08]} 14. e4 {[%clk 1:03:24]} 14... dxe4
{[%clk 1:04:09]} 15. dxe4 {[%clk 0:59:03]} 15... Qg6 {[%clk 1:04:09]} 16. Qe3 {
[%clk 0:54:05]} 16... Nd7 {[%clk 0:57:05]} 17. Rad1 {[%clk 0:54:05]} 17... f5 {
[%clk 0:53:35]} 18. b4 {[%clk 0:45:51]} 18... f4 19. gxf4 {[%clk 0:43:59]}
19... Bxf4 {[%clk 0:52:44]} 20. Qe2 {[%clk 0:43:13]} 20... Ne5 {[%clk 0:50:30]}
21. Nb5 {[%clk 0:37:33]} 21... c6 {[%clk 0:41:42]} 22. Nd4 {[%clk 0:36:58]}
22... Rad8 {[%clk 0:37:19]} 23. c3 {[%clk 0:36:06]} 23... Rf6 {[%clk 0:28:47]}
24. Kh1 {[%clk 0:33:02]} 24... Qg5 {[%clk 0:26:51]} 25. Rg1 {[%clk 0:30:30]}
25... Qh4 {[%clk 0:23:54]} 26. Nf3 {[%clk 0:28:09]} 26... Nxf3 {[%clk 0:19:06]}
27. Rxd8+ {[%clk 0:28:06]} 27... Kh7 {[%clk 0:18:15]} 28. Qxf3 {[%clk 0:23:26]}
28... Bc7 29. Qd3 {[%clk 0:20:47]} 29... Bxd8 {[%clk 0:16:00]} 30. e5+ { [%clk
0:20:45]} 30... Rf5 {[%clk 0:14:54]} 31. Be4 {[%clk 0:18:57]} 31... Bg5 { [%clk
0:12:08]} 32. Bxf5+ {[%clk 0:18:49]} 32... exf5 {[%clk 0:12:16]} 33. Qxf5+
{[%clk 0:17:21]} 33... g6 {[%clk 0:12:15]} 34. Qf3 {[%clk 0:13:17]} 34... Qc4
{[%clk 0:09:54]} 35. Rd1 {[%clk 0:12:13]} 35... Qe6 {[%clk 0:09:21]} 36. Rd6
{[%clk 0:09:53]} 36... Qe8 {[%clk 0:08:33]} 37. Qe2 {[%clk 0:06:57]} 37... Qc8
{[%clk 0:08:03]} 38. Kg2 {[%clk 0:06:41]} 38... Bf4 {[%clk 0:06:48]} 39. Qe4
{[%clk 0:06:23]} 39... Qf8 {[%clk 0:04:50]} 40. Rd7+ {[%clk 0:04:26]} 40... Kh8
{[%clk 0:04:18]} 41. Qxg6 {[%clk 0:04:10]} 41... Qg8 {[%clk 0:00:54]} 42. Qxg8+
{[%clk 0:01:16]} 42... Kxg8 {[%clk 0:01:19]} 43. e6 {[%clk 0:30:24]} 43... Kf8
{[%clk 0:31:41]} 44. Rf7+ {[%clk 0:30:34]} 44... Ke8 {[%clk 0:32:06]} 45. Rxf4
{[%clk 0:30:41]} 45... Ke7 {[%clk 0:32:30]} 46. Rf7+ {[%clk 0:29:43]} 46...
Kxe6 {[%clk 0:32:54]} 47. Rxb7 {[%clk 0:29:49]} 47... Kd5 {[%clk 0:33:15] } 48.
Rxa7 {[%clk 0:29:29]} 48... Kc4 {[%clk 0:33:35]} 49. Rc7 {[%clk 0:29:31]} 49...
Kxc3 {[%clk 0:34:02]} 50. Rxc6+ {[%clk 0:29:44]} 50... Kb3 { [%clk 0:34:29]}
51. f4 {[%clk 0:29:57]} 51... Kxa3 {[%clk 0:34:52]} 52. f5 { [%clk 0:30:20]}
52... h5 {[%clk 0:35:16]} 53. f6 {[%clk 0:29:56]} 53... Kxb4 { [%clk 0:35:42]}
54. f7 {[%clk 0:30:09]} 54... h4 {[%clk 0:36:09]} 55. f8=Q+ { [%clk 0:30:31]}
55... Kb5 {[%clk 0:36:32]} 56. Qc5+ {[%clk 0:30:12]} 56... Ka4 {[%clk 0:36:50]}
57. Qf8 {[%clk 0:27:11]} 57... Kb5 {[%clk 0:37:08]} 58. Rc7 { [%clk 0:27:16]}
58... Kb6 {[%clk 0:37:28]} 59. Qb8+ {[%clk 0:27:10]} 59... Ka6 {[%clk 0:37:54]}
60. Ra7# 1-0

[Event "DVM U14w 2020"]
[Site "Willingen GER"]
[Date "2021.06.26"]
[Round "6"]
[White "Becker, Linda"]
[Black "Lorenz, Veronika"]
[Result "1-0"]
[Termination "normal"]
[Board "2.1"]
[WhiteElo "1763"]
[BlackElo "1336"]
[WhiteClock "01:06:16"]
[BlackClock "00:39:44"]
[WhiteTeam "Schachgemeinschaft Porz e. V."]
[BlackTeam "TSG Oberschöneweide e.V."]
[PlyCount "61"]
[WhiteFideId "16244753"]
[BlackFideId "16277406"]
[EventCountry "GER"]
[EventRounds "7"]
[EventType "team-swiss"]
[EventDate "2021.06.23"]

1. e4 {[%clk 1:30:58]} 1... e5 {[%clk 1:30:51]} 2. Nf3 {[%clk 1:31:20]} 2...
Nc6 {[%clk 1:31:04]} 3. d4 {[%clk 1:31:39]} 3... exd4 {[%clk 1:31:19]} 4. Nxd4
{[%clk 1:31:55]} 4... Bc5 {[%clk 1:31:39]} 5. Nb3 {[%clk 1:32:09]} 5... Bb6 {
[%clk 1:31:39]} 6. Nc3 {[%clk 1:32:19]} 6... Nf6 {[%clk 1:31:59]} 7. Qe2 {
[%clk 1:32:29]} 7... O-O {[%clk 1:32:15]} 8. Be3 {[%clk 1:32:44]} 8... d5 {
[%clk 1:31:38]} 9. O-O-O {[%clk 1:30:38]} 9... d4 {[%clk 1:30:42]} 10. Bg5 {
[%clk 1:30:45]} 10... Qd6 {[%clk 1:30:27]} 11. Bxf6 {[%clk 1:28:36]} 11... Qxf6
{[%clk 1:30:34]} 12. Nd5 {[%clk 1:28:49]} 12... Qh6+ {[%clk 1:25:19]} 13. Kb1 {
[%clk 1:28:55]} 13... Rd8 {[%clk 1:24:16]} 14. g3 {[%clk 1:24:20]} 14... Be6 {
[%clk 1:21:39]} 15. Bg2 {[%clk 1:22:28]} 15... Bxd5 {[%clk 1:21:01]} 16. exd5 {
[%clk 1:22:17]} 16... Nb4 {[%clk 1:20:04]} 17. Qc4 {[%clk 1:18:57]} 17... Qd6 {
[%clk 1:14:02]} 18. Nxd4 {[%clk 1:17:17]} 18... Bxd4 {[%clk 1:07:21]} 19. Qxd4
{[%clk 1:15:24]} 19... c6 {[%clk 1:06:56]} 20. c3 {[%clk 1:14:50]} 20... Nxd5 {
[%clk 1:04:48]} 21. c4 {[%clk 1:13:15]} 21... Qg6+ {[%clk 1:03:39]} 22. Ka1 {
[%clk 1:13:19]} 22... Rac8 {[%clk 0:55:57]} 23. cxd5 {[%clk 1:13:10]} 23...
cxd5 {[%clk 0:56:11]} 24. Bxd5 {[%clk 1:09:26]} 24... Qg5 {[%clk 0:50:57]} 25.
Qe4 {[%clk 1:07:38]} 25... b6 {[%clk 0:43:11]} 26. Qf3 {[%clk 1:06:19]} 26...
Rc7 {[%clk 0:40:42]} 27. h4 {[%clk 1:05:39]} 27... Qh6 {[%clk 0:40:16]} 28.
Bxf7+ {[%clk 1:05:41]} 28... Kf8 {[%clk 0:39:35]} 29. Rxd8+ {[%clk 1:05:59]}
29... Ke7 {[%clk 0:40:00]} 30. Re8+ {[%clk 1:06:14]} 30... Kd7 {[%clk 0:39:44]}
31. Qf5+ {[%clk 1:06:16]} 1-0

[Event "DVM U14w 2020"]
[Site "Willingen GER"]
[Date "2021.06.26"]
[Round "6"]
[White "Sinner, Joselyne"]
[Black "Fock, Madiha"]
[Result "1-0"]
[Termination "normal"]
[Board "2.3"]
[WhiteElo "1409"]
[BlackElo "1278"]
[WhiteClock "00:39:09"]
[BlackClock "00:41:40"]
[WhiteTeam "Schachgemeinschaft Porz e. V."]
[BlackTeam "TSG Oberschöneweide e.V."]
[PlyCount "35"]
[WhiteFideId "16210387"]
[BlackFideId "16253574"]
[EventCountry "GER"]
[EventRounds "7"]
[EventType "team-swiss"]
[EventDate "2021.06.23"]

1. e4 {[%clk 1:30:58]} 1... e5 {[%clk 1:30:55]} 2. Nf3 {[%clk 1:31:23]} 2...
Nc6 {[%clk 1:31:14]} 3. Nc3 {[%clk 1:30:44]} 3... Bc5 {[%clk 1:24:01]} 4. Nxe5
4... Nxe5 {[%clk 1:22:39]} 5. d4 {[%clk 1:31:13]} 5... Bxd4 {[%clk 1:22:08]} 6.
Qxd4 {[%clk 1:31:32]} 6... f6 {[%clk 1:21:17]} 7. Bf4 {[%clk 1:26:52]} 7... d6
{[%clk 1:19:14]} 8. O-O-O {[%clk 1:24:37]} 8... Ne7 {[%clk 1:12:53]} 9. Bd2 {
[%clk 1:05:51]} 9... Be6 {[%clk 0:59:08]} 10. f4 {[%clk 0:59:52]} 10... N5c6 {
[%clk 0:58:50]} 11. Qf2 {[%clk 0:57:47]} 11... Bg4 {[%clk 0:57:04]} 12. Re1 {
[%clk 0:53:07]} 12... Qd7 {[%clk 0:52:57]} 13. Bb5 {[%clk 0:48:28]} 13... a6 {
[%clk 0:47:22]} 14. Ba4 {[%clk 0:42:20]} 14... b5 {[%clk 0:44:48]} 15. Bb3 {
[%clk 0:42:35]} 15... Be6 {[%clk 0:44:56]} 16. Nd5 {[%clk 0:40:48]} 16... Bf7 {
[%clk 0:43:20]} 17. Qg3 {[%clk 0:38:58]} 17... O-O {[%clk 0:41:40]} 18. Nxf6+ {
[%clk 0:39:09]} 1-0

[Event "DVM U14w 2020"]
[Site "Willingen GER"]
[Date "2021.06.26"]
[Round "6"]
[White "Leongardt, Adel"]
[Black "Siegel, Irene"]
[Result "0-1"]
[Termination "normal"]
[Board "2.4"]
[WhiteElo "1157"]
[BlackElo "1212"]
[WhiteClock "00:34:09"]
[BlackClock "00:13:33"]
[WhiteTeam "TSG Oberschöneweide e.V."]
[BlackTeam "Schachgemeinschaft Porz e. V."]
[PlyCount "136"]
[WhiteFideId "16256549"]
[BlackFideId "16284380"]
[EventCountry "GER"]
[EventRounds "7"]
[EventType "team-swiss"]
[EventDate "2021.06.23"]

1. e4 {[%clk 1:30:56]} 1... e5 {[%clk 1:30:51]} 2. Nf3 {[%clk 1:31:23]} 2...
Nc6 {[%clk 1:31:15]} 3. d4 {[%clk 1:31:47]} 3... exd4 {[%clk 1:31:38]} 4. Nxd4
{[%clk 1:32:03]} 4... Qh4 {[%clk 1:31:38]} 5. Nc3 {[%clk 1:31:50]} 5... Bb4 {
[%clk 1:31:56]} 6. Qd3 {[%clk 1:30:37]} 6... Nf6 {[%clk 1:30:53]} 7. e5 { [%clk
1:19:52]} 7... Nxe5 {[%clk 1:26:33]} 8. Qe3 {[%clk 1:19:05]} 8... O-O { [%clk
1:26:02]} 9. Be2 {[%clk 1:17:46]} 9... Bc5 {[%clk 1:21:25]} 10. Nf5 { [%clk
1:11:35]} 10... Bxe3 {[%clk 1:11:52]} 11. Nxh4 {[%clk 1:11:02]} 11... Bxc1
{[%clk 1:12:00]} 12. Rxc1 {[%clk 1:11:03]} 12... d6 {[%clk 1:10:39]} 13. Nf3
{[%clk 1:11:00]} 13... Ng6 {[%clk 1:08:02]} 14. O-O {[%clk 1:09:52]} 14... Nf4
{[%clk 1:04:12]} 15. Rfe1 {[%clk 1:07:53]} 15... Re8 {[%clk 0:59:39]} 16. Bc4
{[%clk 1:06:39]} 16... Bd7 {[%clk 0:51:17]} 17. Nd4 {[%clk 1:04:34]} 17... a6
{[%clk 0:48:27]} 18. g3 {[%clk 0:55:50]} 18... Ng6 {[%clk 0:48:04]} 19. Nd5
{[%clk 0:54:59]} 19... Nxd5 {[%clk 0:40:24]} 20. Bxd5 {[%clk 0:53:02]} 20... c6
{[%clk 0:39:48]} 21. Bg2 {[%clk 0:53:15]} 21... Ne5 {[%clk 0:39:52]} 22. Re2 {
[%clk 0:51:56]} 22... c5 {[%clk 0:33:50]} 23. Nb3 {[%clk 0:50:34]} 23... Bc6 {
[%clk 0:33:29]} 24. Bxc6 {[%clk 0:49:17]} 24... bxc6 {[%clk 0:33:47]} 25. Kg2 {
[%clk 0:49:09]} 25... Nc4 {[%clk 0:32:28]} 26. Rce1 {[%clk 0:48:09]} 26... Rxe2
{[%clk 0:32:14]} 27. Rxe2 {[%clk 0:48:22]} 27... Nxb2 {[%clk 0:31:22]} 28. Re7
{[%clk 0:48:09]} 28... Rc8 {[%clk 0:27:53]} 29. Ra7 {[%clk 0:48:02]} 29... Nc4
{[%clk 0:26:01]} 30. Rxa6 {[%clk 0:47:55]} 30... g6 {[%clk 0:25:21]} 31. Kf3 {
[%clk 0:46:24]} 31... Kg7 {[%clk 0:24:56]} 32. Ke4 {[%clk 0:46:33]} 32... Kf6 {
[%clk 0:20:19]} 33. Kd3 {[%clk 0:46:23]} 33... Nb2+ {[%clk 0:19:37]} 34. Kc3 {
[%clk 0:45:59]} 34... Nd1+ {[%clk 0:19:58]} 35. Kd2 {[%clk 0:45:45]} 35... Nxf2
{[%clk 0:20:12]} 36. Na5 {[%clk 0:44:52]} 36... Ng4 {[%clk 0:18:18]} 37. h3 {
[%clk 0:44:36]} 37... Ne5 {[%clk 0:18:32]} 38. a4 {[%clk 0:43:26]} 38... Ke6 {
[%clk 0:18:07]} 39. Kc3 {[%clk 0:43:12]} 39... Kd5 {[%clk 0:18:02]} 40. Ra7 {
[%clk 0:39:38]} 40... c4 {[%clk 0:16:27]} 41. Kb4 {[%clk 0:37:15]} 41... Rb8+ {
[%clk 0:13:02]} 42. Nb7 {[%clk 0:37:07]} 42... Nd7 {[%clk 0:12:57]} 43. Ka5 {
[%clk 0:35:20]} 43... Nc5 {[%clk 0:12:53]} 44. Kb6 {[%clk 0:34:04]} 44... Nxa4+
{[%clk 0:09:11]} 45. Rxa4 {[%clk 0:34:03]} 45... f5 {[%clk 0:09:25]} 46. Kc7 {
[%clk 0:34:18]} 46... Re8 {[%clk 0:09:25]} 47. Nxd6 {[%clk 0:34:28]} 47... Re7+
{[%clk 0:09:40]} 48. Kb6 {[%clk 0:34:16]} 48... Kxd6 {[%clk 0:09:57]} 49. Rxc4
{[%clk 0:34:41]} 49... Rc7 {[%clk 0:10:19]} 50. Rd4+ {[%clk 0:35:04]} 50... Ke5
{[%clk 0:10:27]} 51. Kxc7 {[%clk 0:34:33]} 51... Kxd4 {[%clk 0:10:51]} 52. Kxc6
{[%clk 0:34:59]} 52... Kc3 {[%clk 0:11:13]} 53. Kd6 {[%clk 0:35:25]} 53... Kxc2
{[%clk 0:11:19]} 54. Ke5 {[%clk 0:34:32]} 54... Kd3 {[%clk 0:10:59]} 55. Kf4 {
[%clk 0:34:51]} 55... Ke2 {[%clk 0:11:08]} 56. g4 {[%clk 0:33:21]} 56... fxg4 {
[%clk 0:10:48]} 57. hxg4 {[%clk 0:33:44]} 57... Kd3 {[%clk 0:10:51]} 58. Kg5 {
[%clk 0:32:47]} 58... Ke4 {[%clk 0:10:53]} 59. Kh6 {[%clk 0:32:48]} 59... Kf4 {
[%clk 0:10:53]} 60. Kxh7 {[%clk 0:32:54]} 60... g5 {[%clk 0:11:10]} 61. Kh6 {
[%clk 0:32:10]} 61... Kxg4 {[%clk 0:11:31]} 62. Kg6 {[%clk 0:32:35]} 62... Kf4
{[%clk 0:11:39]} 63. Kh5 {[%clk 0:32:57]} 63... g4 {[%clk 0:12:05]} 64. Kh4 {
[%clk 0:33:10]} 64... g3 {[%clk 0:12:28]} 65. Kh3 {[%clk 0:33:36]} 65... Kf3 {
[%clk 0:12:53]} 66. Kh4 {[%clk 0:33:34]} 66... g2 {[%clk 0:13:17]} 67. Kh3 {
[%clk 0:33:42]} 67... g1=Q {[%clk 0:13:33]} 68. Kh4 {[%clk 0:34:09]} 68... Qg4#
0-1

[Event "DVM U14w 2020"]
[Site "Willingen GER"]
[Date "2021.06.26"]
[Round "6"]
[White "Werner, Rosalie"]
[Black "Zhou, Lepu Coco"]
[Result "1-0"]
[Termination "normal"]
[Board "3.1"]
[WhiteElo "1751"]
[BlackElo "1905"]
[WhiteClock "00:01:53"]
[BlackClock "00:00:58"]
[WhiteTeam "VSG 1880 Offenbach"]
[BlackTeam "SC Weisse Dame e.V."]
[PlyCount "65"]
[WhiteFideId "16223748"]
[BlackFideId "16217136"]
[EventCountry "GER"]
[EventRounds "7"]
[EventType "team-swiss"]
[EventDate "2021.06.23"]

1. e4 {[%clk 1:30:57]} 1... e5 {[%clk 1:30:53]} 2. Nf3 {[%clk 1:31:23]} 2...
Nc6 {[%clk 1:31:14]} 3. Bc4 {[%clk 1:31:48]} 3... Nf6 {[%clk 1:31:36]} 4. Ng5 {
[%clk 1:32:11]} 4... d5 {[%clk 1:31:58]} 5. exd5 {[%clk 1:32:34]} 5... b5 {
[%clk 1:32:17]} 6. Bf1 {[%clk 1:32:54]} 6... Nd4 {[%clk 1:32:36]} 7. c3 { [%clk
1:33:14]} 7... Nxd5 {[%clk 1:32:55]} 8. cxd4 {[%clk 1:33:38]} 8... Qxg5 { [%clk
1:33:11]} 9. Bxb5+ {[%clk 1:33:50]} 9... Bd7 {[%clk 1:30:24]} 10. Bxd7+ { [%clk
1:29:30]} 10... Kxd7 {[%clk 1:30:08]} 11. O-O {[%clk 1:24:19]} 11... Nf4 {[%clk
1:02:54]} 12. g3 {[%clk 1:10:52]} 12... Nh3+ {[%clk 1:00:39]} 13. Kg2 { [%clk
1:10:39]} 13... Nf4+ {[%clk 0:52:25]} 14. Kh1 {[%clk 1:10:05]} 14... Nd3 {[%clk
0:52:21]} 15. Qf3 {[%clk 1:08:15]} 15... e4 {[%clk 0:30:39]} 16. Qxe4 { [%clk
0:58:38]} 16... h5 {[%clk 0:30:48]} 17. Qxd3 {[%clk 0:38:09]} 17... h4 { [%clk
0:30:39]} 18. Qf3 {[%clk 0:33:53]} 18... hxg3 {[%clk 0:28:36]} 19. fxg3 { [%clk
0:33:26]} 19... Bd6 {[%clk 0:24:57]} 20. Kg1 {[%clk 0:24:19]} 20... Rxh2 {[%clk
0:19:17]} 21. Kxh2 {[%clk 0:19:20]} 21... Rh8+ {[%clk 0:19:32]} 22. Kg1 {[%clk
0:18:38]} 22... Qh6 {[%clk 0:18:17]} 23. Qg2 {[%clk 0:15:11]} 23... f5 { [%clk
0:13:16]} 24. d3 {[%clk 0:13:44]} 24... g5 {[%clk 0:13:15]} 25. Rxf5 { [%clk
0:10:25]} 25... Bxg3 {[%clk 0:10:47]} 26. Bxg5 {[%clk 0:07:31]} 26... Bh2+
{[%clk 0:04:50]} 27. Kf2 {[%clk 0:06:09]} 27... Qg6 {[%clk 0:02:26]} 28. Qe4
{[%clk 0:03:47]} 28... Bd6 {[%clk 0:01:43]} 29. Bf4 {[%clk 0:02:08]} 29... Re8
{[%clk 0:01:12]} 30. Qd5 {[%clk 0:02:14]} 30... Re6 {[%clk 0:00:31]} 31. Bxd6
{[%clk 0:01:58]} 31... cxd6 {[%clk 0:00:31]} 32. Qb7+ {[%clk 0:02:05]} 32...
Ke8 {[%clk 0:00:58]} 33. Qf7+ {[%clk 0:01:53]} 1-0